000 01146nam a22002657a 4500
001 BINCO
003 CO-MdBIC
005 20220408203353.0
008 220408b2002 ck a|||| |||| 00| 0 spa d
020 _a9587040252
040 _a CO-MdBIC
_bspa.
_cCO-MdBIC
_d CO-MdBIC
041 _aspa
082 _222
_a398.2
_bD131
100 _aDahl, Roald,
_d1916-1990
245 _aJames y el melocotón gigante
_cDahl, Roald, escritor
_f1916-1990
260 1 _aBogotá, Colombia:
_bAlfaguara,
_c[2002]
260 4 _a©2002
300 _a178 paginas;
_bilustraciones a blanco y negro:
_c20 cm.
490 _aalfaguara juvenil
500 _aJames se ha quedado huérfano y se ha visto obligado a vivir con sus dos horribles tías... Pero una misteriosa poción va a cambiar su vida por completo; una vida en la que ya no quedará sitio para os castigos ni para la tristeza... La desbordante genialidad de Roald Dahl se despliega en este relato para embarcar a James en el más increíble de los viajes.
650 7 _9100
_aEducación infantil
700 _aQuentin Blake
_eilustrador
700 _aLeopoldo Rodríguez
_etraductor
942 _cLGB
999 _c67713
_d67713